[Event "Challenge"]
[Site "http://www.queenalice.com/game.php?id=1346797"]
[Date "2015.3.10"]
[Round "-"]
[White "jnable"]
[Black "Solarin8ito"]
[Result "1-0"]
[WhiteElo "2084"]
[BlackElo "1309"]

1. d4 d5 2. c4 e5 3. dxe5 dxc4 4. Qa4+ Nc6 5. Qxc4 Nxe5 6. Qc2 f6 7. Bf4 Bb4+ 8.
Nc3 Qd4 9. Bg3 Ng4 10. Nf3 Nxf2 11. Bxf2 Qd6 12. Rd1 Qe6 13. a3 Ba5 14. Nd4 Qc4
15. e4 1-0

[Event "Challenge"]
[Site "http://www.queenalice.com/game.php?id=1346798"]
[Date "2015.3.10"]
[Round "-"]
[White "Solarin8ito"]
[Black "Enzo1945"]
[Result "0-1"]
[WhiteElo "1307"]
[BlackElo "1458"]

1. e4 e5 2. d4 exd4 3. Qxd4 Qe7 4. f3 Nc6 5. Qd1 Nf6 6. Bg5 h6 7. Bxf6 Qxf6 8.
Nd2 Bd6 9. Rb1 O-O 10. h3 Bg3+ 11. Ke2 Nd4+ 12. Kd3 c5 13. c3 Qd6 14. Nc4 Qf6
15. cxd4 Qxd4+ 16. Ke2 Qxc4+ 17. Qd3 Qxa2 18. Qc2 Rd8 19. Ke3 d6 20. Bc4 Qa5 21.
Ne2 Bh4 22. g3 Bg5+ 23. f4 Bf6 24. h4 Be6 25. f5 Bxc4 26. Qxc4 Rdc8 27. Rhd1 Be5
0-1

[Event "Challenge"]
[Site "http://www.queenalice.com/game.php?id=1346805"]
[Date "2015.3.10"]
[Round "-"]
[White "kuborn"]
[Black "Solarin8ito"]
[Result "1-0"]
[WhiteElo "1383"]
[BlackElo "1337"]

1. e4 e5 2. Qh5 Nh6 3. Qxe5+ Qe7 4. Qxc7 Qxe4+ 5. Ne2 Qc6 6. Qxc6 Nxc6 7. d3 d5
8. Nec3 Nd4 9. Na3 Bxa3 10. Nxd5 Nxc2+ 11. Kd1 Nxa1 12. Be2 Bc5 13. Nc7+ Kd8 14.
Nxa8 Bd7 15. b3 Ke7 16. Nc7 1-0

[Event "Let's Play Chess!"]
[Site "http://www.queenalice.com/game.php?id=1346808"]
[Date "2015.3.10"]
[Round "-"]
[White "scheinerbock"]
[Black "Solarin8ito"]
[Result "1-0"]
[WhiteElo "1873"]
[BlackElo "1339"]

1. b3 b6 2. e4 e5 3. Bb2 Bb7 4. Nf3 Nf6 5. Ng5 Ng4 6. Qxg4 Be7 7. Nxf7 Kxf7 8.
Bc4+ Kf8 9. Qf3+ Bf6 10. Bxe5 Nc6 11. Bf4 Nb4 12. Na3 Ke7 13. Qe2 Bxa1 14. O-O
Bb2 15. c3 Nxa2 16. Bg5+ Ke8 17. Bxd8 Kxd8 18. Nb5 Re8 19. e5 Nc1 20. Qh5 h6 21.
Qg4 Re7 22. Qh4 c6 23. Nd6 Rb8 24. Re1 b5 25. Be2 c5 26. Nxb7+ Rxb7 27. Bg4 Rb6
28. e6 Nd3 29. Re3 Nc1 30. exd7 Rf6 31. Rxe7 Kxe7 32. Bf5 g5 33. Qe4+ Kd8 34.
Qe8+ Kc7 35. d8=Q+ Kb7 36. Qxb5+ Rb6 37. Bc8+ Kb8 38. Ba6# 1-0

[Event "Challenge"]
[Site "http://www.queenalice.com/game.php?id=1346885"]
[Date "2015.3.11"]
[Round "-"]
[White "Esvir"]
[Black "Solarin8ito"]
[Result "1-0"]
[WhiteElo "1927"]
[BlackElo "1297"]

1. d4 d5 2. Nf3 Nf6 3. c4 Nbd7 4. c5 c6 5. e3 e6 6. Be2 Be7 7. O-O O-O 8. Nc3 b6
9. b4 bxc5 10. bxc5 Bb7 11. a4 Qa5 12. Bd2 Qc7 13. a5 a6 14. Bd3 Ng4 15. g3 Nh6
16. e4 1-0

[Event "Let's Play Chess!"]
[Site "http://www.queenalice.com/game.php?id=1347149"]
[Date "2015.3.12"]
[Round "-"]
[White "magalhaes_br"]
[Black "Solarin8ito"]
[Result "1-0"]
[WhiteElo "1377"]
[BlackElo "1323"]

1. c4 c5 2. Nc3 e6 3. Nf3 Nf6 4. g3 d5 5. cxd5 exd5 6. d4 cxd4 7. Nxd4 Bc5 8. e3
Bg4 9. Be2 Bxe2 10. Ncxe2 Bxd4 11. Qxd4 O-O 12. Nc3 Nc6 13. Qd3 Nb4 14. Qd2 Qd6
15. a3 Na6 16. Na2 Nc7 17. b4 b5 18. Bb2 Rae8 19. Nc1 h6 20. Bd4 a6 21. Nd3 1-0

[Event "Let's Play Chess!"]
[Site "http://www.queenalice.com/game.php?id=1347171"]
[Date "2015.3.13"]
[Round "-"]
[White "charles31"]
[Black "Solarin8ito"]
[Result "1-0"]
[WhiteElo "1719"]
[BlackElo "1339"]

1. Nf3 Nc6 2. e4 e5 3. a3 f6 4. Bb5 Nd4 5. Nxd4 exd4 6. d3 b6 7. Bf4 Bb7 8. Nd2
h6 9. Qh5+ Ke7 10. e5 c6 11. Bc4 Qe8 12. exf6+ 1-0

[Event "Let's Play Chess!"]
[Site "http://www.queenalice.com/game.php?id=1347253"]
[Date "2015.3.13"]
[Round "-"]
[White "Solarin8ito"]
[Black "ledeon"]
[Result "0-1"]
[WhiteElo "1286"]
[BlackElo "1483"]

1. h3 c5 2. Nf3 d5 3. e3 Nc6 4. d4 Nf6 5. Bb5 Ne4 6. c3 Bd7 7. Bf1 e6 8. Bd3 Rc8
9. O-O g6 10. a3 Qe7 0-1

[Event "Challenge"]
[Site "http://www.queenalice.com/game.php?id=1347278"]
[Date "2015.3.13"]
[Round "-"]
[White "Solarin8ito"]
[Black "Diesels_Deuce"]
[Result "0-1"]
[WhiteElo "1307"]
[BlackElo "1092"]

1. b3 c5 2. e4 Nc6 3. h3 b6 4. Nf3 d6 5. Bb5 Bd7 6. Bxc6 Bxc6 7. O-O Nf6 8. d3
g6 9. Bb2 Bh6 10. Qe2 O-O 11. Nbd2 e6 12. a4 d5 13. Ne5 Qd6 14. Rae1 Bf4 15.
Ndf3 dxe4 16. Nxc6 Qxc6 17. Bxf6 exf3 18. Qxf3 Qxf3 19. gxf3 h5 20. h4 Rae8 21.
c4 Bd2 22. Rd1 Bb4 23. f4 Kh7 0-1